000 005640000a22001810004500
003 MACL
005 20160120152544.0
008 160120b xxu||||| |||| 00| 0 eng d
040 _aMACL
_cMACL
041 _aHindi
082 _a310/SUL
100 _aमुहम्‍मद सुलैमान
_933636
245 _aसांख्यिकी के मूल तत्‍व
260 _bशुक्‍ला बुक डिपो
_c1999
_aपटना
350 _a60
650 _aCollections of General Statics
_933695
942 _cHIN
_k310/SUL
_2ddc
999 _c30852
_d30852